Pragocalypsa. Soudný den /
Volné pokračování fantasy ságy s hororovými prvky se opět odehrává v Praze, která úpí pod útoky nestvůr a před tlupami nemrtvých bytostí.
Uloženo v:
| Série: | Pragocalypsa,
část 5 |
|---|---|
| Hlavní autor: | |
| Médium: | E-kniha |
| Jazyk: | Czech |
| Vydáno: |
Ostrava :
Fantom Print,
2020
|
| Vydání: | 1. vydání |
| Témata: | |
| Příbuzné jednotky: | Z cyklu::
Pragocalypsa |
| Tagy: |
Žádné tagy |
| LEADER | 02307nam a2200421 i 4500 | ||
|---|---|---|---|
| 001 | 311186 | ||
| 003 | CZ PrSKC | ||
| 005 | 20260601215701.0 | ||
| 007 | ta | ||
| 008 | 200514s2020 xr g 000 f cze | ||
| 015 | |a cnb003218512 | ||
| 020 | |a 9788075940643 |q (brožováno) | ||
| 035 | |a (OCoLC)1200257545 | ||
| 040 | |a ABG001 |b cze |e rda | ||
| 072 | 7 | |a 821.162.3-3 |x Česká próza |2 Konspekt | |
| 080 | |a 821.162.3-31 |2 MRF | ||
| 080 | |a (0:82-312.9) |2 MRF | ||
| 100 | 1 | |a Urban, Jan, |d 1985- |7 xx0135937 |4 aut | |
| 245 | 1 | 0 | |a Pragocalypsa. |p Soudný den / |c Jan Urban |
| 246 | 3 | 0 | |a Soudný den |
| 250 | |a 1. vydání | ||
| 264 | 1 | |a Ostrava : |b Fantom Print, |c 2020 | |
| 300 | |a 303 stran ; |c 21 cm | ||
| 336 | |a text |b txt |2 rdacontent | ||
| 337 | |a bez média |b n |2 rdamedia | ||
| 338 | |a svazek |b nc |2 rdacarrier | ||
| 500 | |a Na hřbetu označení části: 5 | ||
| 520 | 2 | |a Volné pokračování fantasy ságy s hororovými prvky se opět odehrává v Praze, která úpí pod útoky nestvůr a před tlupami nemrtvých bytostí. |b Hord nemrtvých přibývá a jsou čím dál rychlejší a krvežíznivější. Řeholníci, obklíčení ze všech stran, pochopili, že možná už brzy nadejde den, který by nemuseli přežít. Přinejmenším ne všichni. Skupinka odvážlivců, jejímž úkolem bylo najít v postapokalyptické Praze lék na virus měnící lidi v nemrtvá monstra, je rozdělena a uvízla na mrtvém bodě. Situaci ještě více zkomplikuje nebezpečný a prohnaný hráč, který nejenže řádně zamíchá rozdanými kartami, ale sám představuje hrozbu daleko větší než apokalypsa sama... Nakladatelská anotace. | |
| 655 | 7 | |a české romány |7 fd133974 |2 czenas | |
| 655 | 7 | |a fantasy romány |7 fd184199 |2 czenas | |
| 655 | 9 | |a Czech fiction |2 eczenas | |
| 655 | 9 | |a fantasy novels |2 eczenas | |
| 787 | 0 | 8 | |i Z cyklu: |t Pragocalypsa |g 5 |
| 900 | |a ABA001 |b 19 | ||
| 044 | |a xr | ||
| 910 | |a RBIT002 | ||
| 998 | |d 206372 |a https://core.palmknihy.cz/api/books/206372/cover?q9uxlk |b https://core.palmknihy.cz/api/books/206372/cover/400?q9uxlk |c https://core.palmknihy.cz/api/books/206372/cover/50?q9uxlk |e 2028-05-05 |g 304 |i 9788075940643 |j https://core.palmknihy.cz/api/books/206372/preview.epub |l |q 49 |r 1 |s https://www.palmknihy.cz/kniha/206372 |t ebook |y 2020 |z 0 |v Pragocalypsa |w 5 | ||
| 999 | |d 311184 | ||